000 00475nam a2200133Ia 4500
008 220620s9999||||xx |||||||||||||| ||und||
020 _a9780260000000
100 _aReagle, Joseph
245 0 _aHacking Life
_bSystematized Living and Its Discontents
546 _aEnglish[eng]
650 _alife hacking||self help||productivity||data||health||dating apps||philosophy||American culture||digital age
856 _uhttps://doi.org/10.7551/mitpress/11582.001.0001
942 _cEB
999 _c32918
_d32918